Analysis of NiCrAl powder doped by Fe and Si after high temperature exposure

Podrobná bibliografia
Hlavní autori: Spotz, Z. (Author), Švejcar, J. (Author), Čelko, L. (Author)
Médium: Článok
Jazyk:English
Témy:
On-line prístup:http://www.kovmat.sav.sk/abstract.php?rr=53&cc=6&ss=459
Zdroj: 1. Kovové materiály 1. Roč. 53, č. 6 (2015), s. 459-462 1. 1338-4252
LEADER 01154nab#a2200397#ar4500
001 000116632
003 SVKKK
005 20160128063353.0
008 160127c2015 xo |||||||||||||||b|eng
FMT
015 |a SNBRB2016/01 
038 |a SVKKK 
040 |a SVKKK  |b slo  |e AACR2 
041 0 |a eng  |b eng 
044 |a xo  |c SK 
080 |a 669.15‑194  |2 2011 
100 1 |a Spotz, Z.  |4 aut 
242 1 0 |a Analýza NiCrAl prášku legovaného železa a kremíka po vystavení vysokej tepelnej záťaži 
245 1 0 |a Analysis of NiCrAl powder doped by Fe and Si after high temperature exposure  |c Z. Spotz, J. Švejcar, L. Čelko 
300 |b Obr., tab. 
504 |a Bibliogr. odkazy 
546 |a Res. angl. 
650 0 4 |a vysokoteplotná oxidácia 
650 0 4 |a legované železo 
650 0 4 |a fázová premena 
700 1 |a Švejcar, J.  |4 aut 
700 1 |a Čelko, L.  |4 aut 
773 0 |t Kovové materiály  |g Roč. 53, č. 6 (2015), s. 459-462  |x 1338-4252 
958 |a NB 
974 |a CER 
992 |a RBX 
BAS
852 |a SVKKK  |b BIB 
856 4 1 |u http://www.kovmat.sav.sk/abstract.php?rr=53&cc=6&ss=459 
EXP
998 |a HUT